00422nam a2200157 a 450000100060000000300090000600800410001502000150005604000280007108200170009910000240011624500270014026000690016730000080023665000200024413351CO-ViMGA141112s2004 ck r 000 u spa d a8486790921 aCO-ViMGAbspacCO-ViMGA04aMe 861 M343d1 aMejer Caso, Valerie10aDe elefante a elefante aSoria : bEdiciones Excma.Diputacion Provincial de Soria, c1996 a10614aPOESIA MEXICANA